Plan de usos y aprovechamiento de los recursos naturales Asociación "IVIAO" veredad la Palmera municipio de Salento-Quindío (Registro nro. 4635)
[ vista simple ]
| 000 -CABECERA | |
|---|---|
| Campo de control | 01581nam a2200253 a 4500 |
| 005 - FECHA Y HORA DE LA ULTIMA TRANSACCION | |
| Campo de control | 20140908095041.0 |
| 008 - ELEMENTOS DE LONGITUD FIJA—INFORMACION GENERAL | |
| Campo de control | 140123b2005 ck ||||| |||| 00| 0 spa d |
| 041 ## - IDIOMA | |
| Código de idioma para texto/pista de sonido o título separado | Español |
| 044 ## - PAÍS DE PUBLICACIÓN | |
| País de publicación | Colombia |
| 090 ## - CLASIFICACIÓN LOCAL | |
| Colección | IAVH |
| Consecutivo | 00364 |
| 100 1# - ASIENTO PRINCIPAL--NOMBRE PERSONAL | |
| Nombre personal | Tejada-Galvis, Jorge Omar |
| 245 10 - MENCION DE TITULO | |
| Título | Plan de usos y aprovechamiento de los recursos naturales Asociación "IVIAO" veredad la Palmera municipio de Salento-Quindío |
| 260 ## - PUBLICACION, DISTRIBUCION, ETC. (PIE DE IMPRENTA) | |
| Lugar de publicación, distribución, etc. | Armenia |
| Nombre del editor, distribuidor, etc. | Instituto Alexander von Humboldt |
| Fecha de publicación, distribución, etc. | 2005 |
| 300 ## - DESCRIPCION FISICA | |
| Extensión | 147 p. |
| Dimensiones | 28 cm. |
| 500 ## - NOTA GENERAL | |
| Nota general | Incluye documento de anexos |
| 520 ## - NOTA DE RESUMEN, ETC. | |
| Nota de resumen | Formulación de planes de uso y aprovechamiento de los recursos naturales de la región en el contexto del Proyecto Fortalecimiento y Capacitación para el Desarrollo Empresarial Sostenible, a partir del productos del bosque. Se elaboran los mapas de la zona de influencia de la Asociación. Se describe la zona de influecnia de las asociaciones participantes en cuanto a aspectos biofísicos y sociales: Se formulan propuestas de gestión de la calidad y buenas prácticas agrícolas, con su sistema de control para las empresas de la zona de estudio, se capacita a los asociados en aspectos relacionados con el plan de uso y aprovechamiento de los recursos naturales, las buenas prácticas agrícolas y el marco normativo para el manejo de proveedores |
| 650 #4 - ASIENTO SECUNDARIO DE MATERIA - TERMINO TEMATICO | |
| Término temático o nombre geográfico como elemento de entrada | Recursos naturales |
| 650 #4 - ASIENTO SECUNDARIO DE MATERIA - TERMINO TEMATICO | |
| Término temático o nombre geográfico como elemento de entrada | Uso y aprovechamiento |
| 650 #4 - ASIENTO SECUNDARIO DE MATERIA - TERMINO TEMATICO | |
| Término temático o nombre geográfico como elemento de entrada | Desarrollo empresarial |
| 650 #4 - ASIENTO SECUNDARIO DE MATERIA - TERMINO TEMATICO | |
| Término temático o nombre geográfico como elemento de entrada | Impacto ambiental |
| 650 #4 - ASIENTO SECUNDARIO DE MATERIA - TERMINO TEMATICO | |
| Término temático o nombre geográfico como elemento de entrada | Buenas prácticas agrícolas |
| 942 ## - ELEMENTOS ADICIONALES (KOHA) | |
| Tipo de ítem | Informe Técnico |
| Sistema de clasificación | Local |
| 945 ## - PROCESAMIENTO LOCAL | |
| AAAA-MM-DD - Fecha de ingreso o modificacion | 2005-07-06 |
| Withdrawn status | Lost status | Sistema de Clasificación | Damaged status | No para préstamo | Colección | Inventariado | Ubicación Permanente | Ubicación actual | Fecha de adquisición | Fuente de Valor | Total Checkouts | Número topográfico | Inventario / Código de Barras | Date last seen | Ejemplar | Price effective from | Tipo de material |
|---|---|---|---|---|---|---|---|---|---|---|---|---|---|---|---|---|---|
| Local | Humboldt | Inventariado 2017 | Bogotá | Bogotá | 06/07/2005 | Lozada,Paola | IAVH-00364 | 044212 | 09/08/2024 | Ej. 1 | 04/12/2012 | Informe Técnico |